000
00287nam a22001337a 4500
008
170530b xxu||||| |||| 00| 0 eng d
020
_a
0312069723
041
_a
eng
080
_a
94
100
_a
17
101
_a
SHH
245
_a
THE BATTLE OF BOSWORTH
_c
BENNETT,M
942
_2
udc
_c
BK
999
_c
15080
_d
15080